000
00323nam a2200133Ia 4500
008
210716s2018 xx 000 0 und d
020
_a
9788177224238
041
_a
eng
082
_a
153.94 LING
245
_a
Lingua essays: for TOEFL IELTS.
250
_a
1
260
_a
New Delhi
_b
Dreamtech Press
_c
2018
300
_a
261
999
_c
197034
_d
197034